00529nam a2200193 a 4500001001300000003000900013005001700022008004100039020001000080082001600090100002400106245006000130260004200190300000900232500003500241505001300276650002200289700002400311nice12345678IN_TiNIC20260116011745.0050524s1974 dela grp 000 0 urd  ac7.500a297.63bFAR aFaruqi, Nisar Ahmad aSeerat-E-Nabavi Ki Ibtedai Kitaben Awr Un Ke Muallifeen aDelhibIdara-I-Adabiyat-I-Dillic1974 a211p aincludes index and biblioraphy2 aAppendix aMuhammad, Prophet1 aFaruqi, Nisar Ahmad